[Event "Rychnov Seniors op"]
[Site "Rychnov nad Kneznou"]
[Date "2012.08.26"]
[Round "7"]
[White "Tejkal, Jiri"]
[Black "Mamczar, Michal"]
[Result "1-0"]
[WhiteElo "1929"]
[BlackElo "2000"]
[PlyCount "129"]
[EventDate "2012.08.20"]
[EventType "swiss"]
[EventRounds "9"]
[EventCountry "CZE"]
[SourceTitle "CBM 150 Extra"]
[Source "ChessBase"]
[SourceDate "2012.10.19"]
[SourceVersion "1"]
[SourceVersionDate "2012.10.19"]
[SourceQuality "1"]

1. d4 d5 2. Nf3 Nf6 3. c4 dxc4 4. Qa4+ c6 5. Qxc4 Na6 6. a3 e6 7. Nc3 Be7 8. e3 Nc7 9. Be2 Ncd5 10. 0-0 Bd7 11. b4 0-0 12. Qb3 Qc7 13. Bd3 Rfc8 14. Bd2 a5 15. Ne2 axb4 16. axb4 b5 17. e4 Nb6 18. Rfd1 Rd8 19. h3 Rxa1 20. Rxa1 Ra8 21. Rc1 Be8 22. Ne5 Rc8 23. Be3 Na4 24. Bb1 Qd6 25. Bd2 Nd7 26. Nd3 Ndb6 27. Bf4 Qd8 28. Nc5 Nxc5 29. dxc5 Nd7 30. Rd1 Ra8 31. Bd6 Nf8 32. Bxe7 Qxe7 33. e5 Qa7 34. Be4 Ng6 35. Qc3 Ne7 36. f4 g6 37. h4 Nd5 38. Bxd5 exd5 39. Nd4 Bd7 40. f5 Qa3 41. Qxa3 Rxa3 42. e6 fxe6 43. fxe6 Be8 44. Rf1 Rd3 45. e7 Bf7 46. Nxc6 Re3 47. Nd4 Rxe7 48. Nxb5 d4 49. Nd6 Bd5 50. Rd1 Re2 51. Rxd4 Bxg2 52. b5 Rc2 53. b6 Bc6 54. Rc4 Rb2 55. Nc8 Kf7 56. Na7 Bb7 57. Rd4 Ke8 58. Rd6 Ke7 59. Nc6+ Bxc6 60. Rxc6 Kd8 61. Rc7 h6 62. Rg7 g5 63. hxg5 hxg5 64. b7 g4 65. c6 1-0

[Event "Rychnov Seniors op"]
[Site "Rychnov nad Kneznou"]
[Date "2012.08.21"]
[Round "2"]
[White "Laskiewicz, Jerzy"]
[Black "Mamczar, Michal"]
[Result "1/2-1/2"]
[WhiteElo "1974"]
[BlackElo "2000"]
[PlyCount "52"]
[EventDate "2012.08.20"]
[EventType "swiss"]
[EventRounds "9"]
[EventCountry "CZE"]
[SourceTitle "CBM 150 Extra"]
[Source "ChessBase"]
[SourceDate "2012.10.19"]
[SourceVersion "1"]
[SourceVersionDate "2012.10.19"]
[SourceQuality "1"]

1. e4 e6 2. d4 d5 3. e5 c5 4. c3 Nc6 5. Nf3 Bd7 6. Be2 cxd4 7. cxd4 Rc8 8. 0-0 Nge7 9. Nc3 a6 10. Bd3 b5 11. Bd2 Qb6 12. Ne2 Ng6 13. g3 Be7 14. h4 Nf8 15. Rc1 Na5 16. Bb1 Nc4 17. b3 Nxd2 18. Qxd2 Rxc1 19. Rxc1 a5 20. Bd3 b4 21. Qc2 f6 22. Kg2 Kf7 23. Nf4 f5 24. Qe2 g6 25. Qe3 h6 26. Nd2 Be8 1/2-1/2